| 000 | 00479cam a2200145 4500500 | ||
|---|---|---|---|
| 005 | 20251228051649.0 | ||
| 041 | _afre | ||
| 042 | _adc | ||
| 100 | 1 | 0 |
_aLoizillon, Victor _eauthor |
| 245 | 0 | 0 | _aKhosraw Mani Rattraper l’horizon Actes Sud, 2025, 224 pages, 21 €. |
| 260 | _c2025. | ||
| 500 | _a61 | ||
| 786 | 0 | _nÉtudes | 4332 | 12 | 2025-11-24 | p. 121-122 | 0014-1941 | |
| 856 | 4 | 1 | _uhttps://shs.cairn.info/revue-etudes-2025-12-page-121?lang=fr&redirect-ssocas=7080 |
| 999 |
_c1582008 _d1582008 |
||